00489nam a22001577a 450000500170000001000150001702000260003203500130005803700130007108200110008410000260009524500580012126000450017927000800022430000270030420150423142241.0 aENG-112374 a9789350093283c350.00 aEN-95906 bDBAD/PUB a230.33 aParamahansa Yogananda aAutobiography of a yogi / cby Paramahansa Yogananda  aGurgaonbHachette Book Publishing c2013 a4th & 5th Floor, Corporate Centre, Plot No.94, Sector-44, bGurgaone122003 axviii,384p.c21cm(pbk)